000 00383nam a2200157Ia 4500
008 221030s9999 xx 000 0 und d
020 _a812192555X
041 _aEnglish
082 _a105.23
100 _aB. L. Theraja
245 0 _aBasic Electronics - Solid State
_cby B. L. Theraja
260 _bS. Chand & Co.
_aNew Delhi
_c2009
300 _a715
650 _aECE
942 _cBK
999 _c8911
_d8911